Central Library OPAC University of Rajshahi

The Search / (Record no. 83376)

MARC details
000 -LEADER
fixed length control field 00553nam a2200205 a 4500
001 - CONTROL NUMBER
control field 83376
003 - CONTROL NUMBER IDENTIFIER
rucl marc code BD-RjUL
005 - DATE AND TIME OF LATEST TRANSACTION
control field 20240318113529.0
008 - FIXED-LENGTH DATA ELEMENTS--GENERAL INFORMATION
fixed length control field 240318s19631958enk 000 0 eng d
035 ## - SYSTEM CONTROL NUMBER
System control number (BD-RjUL)83376
040 ## - CATALOGING SOURCE
Original cataloging agency HUJI
Language of cataloging eng
Transcribing agency BD-RjUL
041 0# - LANGUAGE CODE
Language code of text/sound track or separate title eng
082 ## - DEWEY DECIMAL CLASSIFICATION NUMBER
Edition number 23
Classification number 823.91
Author mark and year SNS 1963
100 1# - MAIN ENTRY--PERSONAL NAME
Personal name Snow, C. P.
Fuller form of name (Charles Percy),
Dates associated with a name 1905-1980
9 (RLIN) 11085
245 14 - TITLE STATEMENT
Title The Search /
Statement of responsibility, etc. C. P. Snow.
260 ## - PUBLICATION, DISTRIBUTION, ETC. (IMPRINT)
Place of publication, distribution, etc. London :
Name of publisher, distributor, etc. Macmillan,
Date of publication, distribution, etc. 1963, ©1958.
300 ## - PHYSICAL DESCRIPTION
Pagination viii, 342 pages;
Size 20 cm.
650 ## - SUBJECT ADDED ENTRY--TOPICAL TERM
Topical term or geographic name as entry element English fiction
942 ## - ADDED ENTRY ELEMENTS (KOHA)
Source of classification or shelving scheme Dewey Decimal Classification
Koha item type Books
Holdings
Lost status Source of classification or shelving scheme Damaged status Not for loan Collection code Permanent Location Current Location Shelving location Date acquired Source of acquisition Cost, normal purchase price Total Checkouts Full call number Date last seen Copy number Koha item type
  Dewey Decimal Classification   Not For Loan Fiction Central Library, University of Rajshahi Central Library, University of Rajshahi Reading Room 13/04/1964 Zeitlinger 15.00   823.91 SNS 1963 18/03/2024 C-1 Books